| 000 | 00415 a2200121 4500 | ||
|---|---|---|---|
| 001 | ART_61198 | ||
| 005 | 20260410162010.0 | ||
| 008 | 260409a | ||
| 245 | 1 | 0 | _aRégimen de las asambleas en el derecho real de propiedad horizontal clásico |
| 100 | 1 | _aFossaceca, Carlos Alberto (h) | |
| 700 | 1 | _aMoreyra, Pilar | |
| 773 | 0 |
_tTemas de derecho civil _g- Año 10, N° 6/7 (jun./jul 2024) _wREV34778 |
|
| 999 |
_c32138 _d32138 |
||